Baldatun Thoiyyibatun

Bibliographic Details
Main Author: Pelita Di dalam Kaca
Format: Book
Published: Pahang : Pustaka Kanzun Mahfiyyan , 2011
Subjects:

MARC

LEADER 00000cam a2200000 7i4500
001 0000034853
005 20121015.0
008 121015
020 |a 9671029404 
090 0 0 |a PEL   |b MAL 
100 0 |a Pelita Di dalam Kaca 
245 1 0 |a Baldatun Thoiyyibatun   |c Pelita Di dalam Kaca 
260 |a Pahang :   |b Pustaka Kanzun Mahfiyyan ,   |c 2011 
650 0 |a Islamic way of life 
650 0 |a Malay fiction 
650 0 |a Metaphysical concept and Sufism 
650 0 |a Modern Islamic State 
999 |a 0001158980   |b Book   |c Adult Collection   |e Perbadanan Perpustakaan Awam Johor